School and society : Historical and contemporary perspectives

Through the use of a consistent analytic framework, this text shows how and why certain school-society issues first arose in this country and how they have changed over time. Introduced and explained in detail in the first chapter, the text’s analytic framework focuses on the political economy, the...

Descripción completa

Guardado en:
Detalles Bibliográficos
Autor principal: Tozer, Steven
Formato: Libro
Lenguaje:Undetermined
Publicado: Boston McGraw-Hill 2006
Materias:
Etiquetas: Agregar Etiqueta
Sin Etiquetas, Sea el primero en etiquetar este registro!
Thư viện lưu trữ: Trung tâm Học liệu Trường Đại học Cần Thơ
LEADER 01308nam a2200241Ia 4500
001 CTU_159159
008 210402s9999 xx 000 0 und d
020 |c 88 
082 |a 306.4320973 
082 |b T757 
100 |a Tozer, Steven 
245 0 |a School and society : 
245 0 |b Historical and contemporary perspectives 
245 0 |c Steven E. Tozer, Guy Senese, Paul C. Violas 
260 |a Boston 
260 |b McGraw-Hill 
260 |c 2006 
520 |a Through the use of a consistent analytic framework, this text shows how and why certain school-society issues first arose in this country and how they have changed over time. Introduced and explained in detail in the first chapter, the text’s analytic framework focuses on the political economy, the dominant ideology, and existing educational practices that are prevalent in any given historical era. Readings at the end of each chapter are designed for the student to critique using the same analytic framework that the authors employ in the text. In its examination of the evolution of education in the United States, this book tells an engaging historical story. 
650 |a Educational sociology 
650 |x History 
650 |z United States 
904 |i Giang 
980 |a Trung tâm Học liệu Trường Đại học Cần Thơ